Historia del Arte Hispánico (Record no. 7187)

MARC details
000 -CABECERA
campo de control de longitud fija 00915nam a2200229 a 4500
001 - NÚMERO DE CONTROL
campo de control BRCA_7513
005 - FECHA Y HORA DE LA ÚLTIMA TRANSACCIÓN
campo de control 20190320205852.0
008 - DATOS DE LONGITUD FIJA--INFORMACIÓN GENERAL
campo de control de longitud fija 090513m19311949sp-a###f##---#001-0#spa-#
041 ## - CÓDIGO DE LENGUA
Código de lengua del texto/banda sonora o título independiente spa
044 ## - CÓDIGO DEL PAÍS DE LA ENTIDAD EDITORA/PRODUCTORA
Código MARC del país sp
050 #4 - SIGNATURA TOPOGRÁFICA DE LA BIBLIOTECA DEL CONGRESO
Número de clasificación N7101
Número de documento/Ítem .C66 1931
100 1# - ENTRADA PRINCIPAL--NOMBRE DE PERSONA
Nombre de persona Contreras y López de Ayala, Juan de
Títulos y otros términos asociados al nombre Marqués de Lozoya
Fechas asociadas al nombre 1893-1978
9 (RLIN) 18530
245 10 - MENCIÓN DE TÍTULO
Título Historia del Arte Hispánico
Mención de responsabilidad, etc. por el Marqués de Lozoya.
260 ## - PUBLICACIÓN, DISTRIBUCIÓN, ETC.
Lugar de publicación, distribución, etc. Barcelona
Nombre del editor, distribuidor, etc. Salvat
Fecha de publicación, distribución, etc. 1931-1949
300 ## - DESCRIPCIÓN FÍSICA
Extensión 4 v.
Otras características físicas il. (algunas a color), 179 láminas
Dimensiones 26 cm.
500 ## - NOTA GENERAL
Nota general Cuatro ejemplares diferentes inventariados por el Banco de México como un solo libro
500 ## - NOTA GENERAL
Nota general R55
505 0# - NOTA DE CONTENIDO CON FORMATO
Nota de contenido con formato v.1 El arte Cuaternario en la Península (1931).-- v.3 La arquitectura religiosa en el Renacimiento Hispánico (1940).-- v.4 Teoría del Barroco (1945).-- v.5 Goya y su tiempo (1949)
650 14 - PUNTO DE ACCESO ADICIONAL DE MATERIA--TÉRMINO DE MATERIA
Término de materia o nombre geográfico como elemento de entrada Arte
Subdivisión general Historia
Subdivisión geográfica España
9 (RLIN) 18416
902 ## - CATALOGADOR
Iniciales GFM
942 ## - ELEMENTOS DE PUNTO DE ACCESO ADICIONAL (KOHA)
Fuente del sistema de clasificación o colocación Library of Congress Classification
Tipo de ítem Koha Libros
Holdings
Estado de retiro Estado de pérdida Estado dañado No para préstamo Localización permanente Ubicación/localización actual Fecha de adquisición Número de inventario Total de préstamos Signatura topográfica completa Código de barras Fecha visto por última vez Precio válido a partir de Tipo de ítem Koha
El ejemplar forma parte de la colección y puede ser consultado según las políticas vigentes.       Biblioteca del Museo Franz Mayer (Rogerio Casas-Alatriste) Biblioteca del Museo Franz Mayer (Rogerio Casas-Alatriste) 09/05/2013 R55   N7101 .C66 1931 (R55) 8118 22/03/2019 22/03/2019 Libros